| 000 | 00509nam a2200181 a 4500 | ||
|---|---|---|---|
| 003 | PILC | ||
| 005 | 20150112093434.0 | ||
| 008 | 100726s19uu xx 00 eng d | ||
| 020 | _a0071451226 | ||
| 050 |
_aPE 1128 _b.H939 2004 |
||
| 082 |
_aLnSFr 428 _bH91 2004 2004 |
||
| 100 |
_aHunt, Martin _914799 |
||
| 245 | _aTeach yourself english vocabulary / | ||
| 260 |
_aChicago, IL : _bContemporary Books, _c2004. |
||
| 300 |
_a266 pages : _c20 cm. |
||
| 650 |
_aEnglish - Vocabulary _914800 |
||
| 942 |
_2lcc _cBK |
||
| 999 |
_c14494 _d14494 |
||